000 00962nam0a22002771 4500
001 rc\1075398
005 20250622101838.0
035 _a(NLR Aleph) 006235007
090 _a6612351
_c6612351
100 _a20041129d1980 |||y0rusy50 ca
101 0 _arus
102 _aRU
105 _aa |||||||||
200 1 _aПараллельный сбор информации с проволочных пропорциональных камер
_fН.С. Брюханов, Б.В. Просин, Ю.А. Романов
210 _aСерпухов
_cИФВЭ
_d1980
215 _a16 с.
_cсхем.
_d25
225 1 _aИнститут физики высоких энергий
_vИФВЭ ОП 80-130
320 _aБиблиогр.: с. 16
700 1 _aБрюханов
_bН.С.
701 1 _aПросин
_bБ.В.
701 1 _aРоманов
_bЮ.А.
801 0 _aRU
_bNLR
_gpsbo
801 1 _aRU
_bELAR
_2rusmarc
852 _aNLR
_j81-7/207
942 _cBOOK
980 _aNB